01380nam a2200277 a 450000100100000000500170001000800410002704000250006808200180009310000530011124500590016426000380022330000210026149000430028250400560032560000440038165000280042565000830045383000500053691000330058604900090061995201420062895201840077095201310095499900170108500002430620240530073934.0110126s1964 dr 001 0 spa d aDO-SdBNPbspacBNPHU a972.93bG216c1 aGarcía Lluberes, Leónidas,d1882-196794987510aCrítica histórica /cLeónidas García Lluberes. aSanto Domingo :bMontalvo,c1964. a160 p. ;c24 cm.1 aAcademia Dominicana de la Historiav16 aIncluye bibliografía y notas al pie de páginas.10aDuarte, Juan Pablo, d1813-187691494 0aEnsayos dominicanos965 4aRepública dominicanaxHistoriay1844-1930xEnsayos conferencias, etc.949877 0aAcademia Dominicana de la Historian16949878 aValidado. Control de calidad aBNPD 00102ddc52708DSaBNPHUbBNPHUcHDd2013-07-11iLF1l0o972.93 G216cp24306-40r2020-06-25te. 3w2020-06-25yLFDSZPréstamo interno 001052708PDaPDbPDcHDd2011-01-26iLF1l0o972.93 G216cp24306-10r2020-06-25w2020-06-25yLFPDzPerteneció a la biblioteca personal de Martínez Boog.ZPréstamo interno 001052728PDaPDbPDcHDd2011-04-05iLF1l0o972.93 G216cp24306-20r2020-06-25te. 2w2020-06-25yLFPDZPréstamo interno c23799d23799